000 00278nam a22001217a 4500
008 180122b xxu||||| |||| 00| 0 eng d
041 _aeng
080 _a33
100 _a58
101 _aBUS
245 _aRULES FOR ENTERING THE HORSE BUSINESS
_cLOHMAN.J
942 _2udc
_cBK
999 _c40673
_d40673